01398nam a2200337 i 4500003000900000005001700009007000300026008004100029020000600070020000600076040003000082041000800112082002800120100005000148245004300198250002200241264005000263300005500313336002700368337003300395338002800428533004400456590002600500651003000526651003600556910001500592942001400607952016300621952025900784999001701043DO-SdBNP20260321073646.0ta240320b1988 dr ab||| |||| 00| 0 spa d a  a  aDO-SdBNPbspacBNPHUerda hspa 4a972.91bB742c, 19882221 a Bosch, Juan, d1909-2001eautor4aut.97655510aCuba, la isla fascinante /cJuan Bosch aSegunda edición 4aSanto Domingo :bEditora Alfa & Omega,c1988. a252 páginas :bilustraciones, retratos ;c21 cm. atextobtxt2rdacontent asin mediaciónbn2rdamedia avolumenbnc2rdacarrier afacsímilebChilecUniversiariad1955. aInventariado, 2024/BT 4aCubaxHistoria94932Lemb 4aCubaxCivilización94942Lemb aBtavárez 2ddccLBS1 00102ddc51708PDaBNPHUbBNPHUcCTd2024-03-20eDonado por Laura Pujolsl0oBNPHU PD 972.91 B742c, 1988p2024-1617r2024-03-20w2024-03-20yLBS1zDedicado. 00102ddc51708PDaBNPHUbBNPHUcCTd2024-11-25eDonado por la Presidencia de la República Dominicana 2023.l0oBNPHU PD 972.91 B742c, 1988p2024-6679r2024-11-25te.2w2024-11-25yLBS1zPerteneció a la biblioteca personal de Emilio Cordero Michel. c56165d56165